Normal view
MARC view
- Horne, M.K
Entry Personal Name
001 - CONTROL NUMBER
- control field: 7572
003 - CONTROL NUMBER IDENTIFIER
- control field: OSt
005 - DATE AND TIME OF LATEST TRANSACTION
- control field: 20250610143240.0
008 - FIXED-LENGTH DATA ELEMENTS
- fixed length control field: 250610|| aca||aabn | a|a d
040 ## - CATALOGING SOURCE
- Original cataloging agency: OSt
- Transcribing agency: OSt
100 ## - HEADING--PERSONAL NAME
- Personal name: Horne, M.K
670 ## - SOURCE DATA FOUND
- Source citation: Work cat.: (OSt)10220: Baker, J.F . 7570, Steel skeleton Vol.3,: Plastic behaviour and design / , 1961.
